| 000 | 00328nam a2200109Ia 4500 | ||
|---|---|---|---|
| 008 | 220204s9999 xx 000 0 und d | ||
| 082 |
_a678.4SMR _bRRC.36B |
||
| 245 | 0 | _aThirty sixth B round robin crosschecks for SMR testing (13th and 14th March 1984) | |
| 260 |
_aKuala Lumpur _bRRIM _c1984 |
||
| 650 | _aSMR testing | ||
| 942 | _cBK | ||
| 999 |
_c43312 _d43312 |
||